000 00533cam a2200181 i 4500
999 _c114514
_d114514
001 4095318
005 20191107101934.0
008 750225s1974 nyu b 001 0 eng
020 _a9788190815567
040 _cPK-LaUMT
082 0 0 _a658.4083
_bAFS-C
100 1 _aAfshan ahmed
245 1 4 _aThe corporate conscience /
_cby Afshan Ahmed and Iftikhar; edited by Shafqat Munir
260 _aKammanahalli :
_bPrakruthi,
_c2011
300 _a144 p. ;
_c25 cm.
650 0 _aIndustries
_xSocial aspects
_zUnited States.
942 _cBK